000 00452nam a2200181 a 4500
001 6775
003 CO-ViMGA
008 141112s2004 ck r 000 u spa d
040 _aCO-ViMGA
_bspa
_cCO-ViMGA
082 0 4 _a642.56 D145
100 1 _aDahmer, Sandra
_93665
245 1 0 _aManual para meseros
260 _aMexico :
_bTrillas,
_c1993
300 _a112 p : il
650 1 4 _aCAMAREROS
650 1 4 _aRESTAURANTE - SERVICIO
_95707
942 _2ddc
_cBK
999 _c18744
_d18744